ARRUPE JESUIT UNIVERSITY

CORONAVIRUS -STOP THE SPREAD - CLEAN,DISINFECT,COVER

Confessing the one faith : (Record no. 121051)

MARC details
000 -LEADER
fixed length control field 01020nam a2200277 a 4500
001 - CONTROL NUMBER
control field 3932818
003 - CONTROL NUMBER IDENTIFIER
control field ARRUPE
005 - DATE AND TIME OF LATEST TRANSACTION
control field 20141002150555.0
008 - FIXED-LENGTH DATA ELEMENTS--GENERAL INFORMATION
fixed length control field 920722s1991 sz b 000 0 eng
010 ## - LIBRARY OF CONGRESS CONTROL NUMBER
LC control number 92189200
020 ## - INTERNATIONAL STANDARD BOOK NUMBER
International Standard Book Number 2825410365
040 ## - CATALOGING SOURCE
Original cataloging agency DLC
Transcribing agency DLC
050 00 - LIBRARY OF CONGRESS CALL NUMBER
Classification number BT999
Item number .C55 1991
082 00 - DEWEY DECIMAL CLASSIFICATION NUMBER
Classification number 238/.142
Edition number 20
300 ## - PHYSICAL DESCRIPTION
Dimensions 22 cm.
245 00 - TITLE STATEMENT
Title Confessing the one faith :
Remainder of title an ecumenical explication of the apostolic faith as it is confessed in the Nicene-Constantinopolitan Creed (381).
260 ## - PUBLICATION, DISTRIBUTION, ETC. (IMPRINT)
Place of publication, distribution, etc Geneva :
Name of publisher, distributor, etc WCC Publications,
Date of publication, distribution, etc c1991.
300 ## - PHYSICAL DESCRIPTION
Extent viii, 139 p. ;
440 #0 - SERIES STATEMENT/ADDED ENTRY--TITLE
Title Faith and order paper ;
Volume number/sequential designation no. 153
9 (RLIN) 11983
500 ## - GENERAL NOTE
General note "New revised version"--Cover.
504 ## - BIBLIOGRAPHY, ETC. NOTE
Bibliography, etc Includes bibliographical references (p. [121]-124).
630 00 - SUBJECT ADDED ENTRY--UNIFORM TITLE
Uniform title Nicene Creed.
9 (RLIN) 11984
710 2# - ADDED ENTRY--CORPORATE NAME
Corporate name or jurisdiction name as entry element World Council of Churches.
9 (RLIN) 11985
906 ## - LOCAL DATA ELEMENT F, LDF (RLIN)
a 7
b cbc
c orignew
d 2
e ncip
f 19
g y-gencatlg
942 ## - ADDED ENTRY ELEMENTS (KOHA)
Source of classification or shelving scheme Library of Congress Classification
Koha item type Monograph ( Printed materials)
Holdings
Withdrawn status Lost status Source of classification or shelving scheme Damaged status Not for loan Collection code Home library Current library Shelving location Date acquired Total Checkouts Full call number Barcode Date last seen Price effective from Koha item type
    Library of Congress Classification     Main Collection ARRUPE LIBRARY ARRUPE LIBRARY Main Collection 02/10/2014   BT999 .C55 1991 46500003826 01/12/2016 02/10/2014 Monograph ( Printed materials)

 

Arrupe Library. PO Box MP320 Mt Pleasant, Harare, Zimbabwe
263 242 745411|librarian@aju.ac.zw